000 01221nam a22003617a 4500
001 BR8300182
003 BR-BrBNA
005 20230928091559.0
007 ta
008 230509b bl.||||| |||| 00| 0 por d
040 _aBR-BrBNA
_bpor
_cBiblioteca Nacional de Agricultura
041 _a(Por)
072 _aL73
_b5240
_b4140
_b/G514
090 _ 5240 BR8300182
100 1 _aMarques, L.C.
110 1 _aUniversidade Federal de Minas Gerais, Belo Horizonte (Brasil). Escola de Veterinaria
_0Tese (Mestrado)
245 1 _aInfeccao experimental de ovinos com oocistos e cistos de Toxoplasma gondii, Nicolle e Manceaux, 1909 [toxoplasmose, Brasil]
246 1 _a[Experimental infection of sheep with oocysts and cysts of Toxoplasma gondii, Nicolle and Manceaux, 1909 [toxoplasmosis, Brazil]]
260 3 _aBelo Horizonte, MG (Brasil):
_c1982.
300 _a80 p.
500 _aBibliography p. 63-69 (60 ref.); Summary (Por)
650 _aTOXOPLASMOSE
650 _aOVINO
650 _aCARNEIRO
650 _aANTICORPO
650 _aINOCULACAO
650 _aHEMOGRAMA
650 _aZOONOSE
650 _aDIAGNOSTICO
650 _aPROTOZOARIO
909 _a202309
_bLucia
_c55
_dLucia Elande
942 _cBK
999 _c34510
_d34510